000 00724nam a22002057a 4500
999 _c5457
_d5457
003 AR-CdUCM
008 190312b ||||| |||| 00| 0 spa d
040 _aMUNICIPALIDAD PROVINCIAL DEL CUSCO
_cBIBLIOTECA MUNICIPAL DEL CUSCO
082 _a320 /
_bAY94
_22ed.
100 _aAyllon Viaña, Augusto
_916412
245 _aDiccionario politico :
_bPara dirigentes y lideres /
260 _aLima :
_bConcytec,
_c1989
300 _a153 páginas ;
_c21 cm.
505 _aContenido -- amnistía internacional -- Banco Interamericano de desarrollo -- imperialismo...
650 _aPolítica internacional
_91555
650 _aConceptos Políticos
_916413
650 _aGeopolitica
_98326
942 _2ddc
_cLIBROS
945 _aJavier